| 000 | 00648cab a2200229 4500 | ||
|---|---|---|---|
| 001 | WB3219-46 | ||
| 008 | 090401t1996 xxu||||| |||| 00| 0 eng d | ||
| 035 | _a(Sirsi) u1888 | ||
| 041 | _aeng | ||
| 245 | _aRestoration of Thames landing sites | ||
| 260 | _c1996 | ||
| 350 | _a0 | ||
| 490 |
_aEvening Standard _v13 May 1996, 21(1) |
||
| 520 | _aThe Port of London Authority has unveiled a scheme to restore over 200 Thames landing sites. | ||
| 650 | _aLONDON | ||
| 650 | _aPORT OF LONDON AUTHORITY | ||
| 650 | _aRIVER THAMES | ||
| 650 | _aSAVE THE RIVER CAMPAIGN | ||
| 690 | _aLEISURE AND RECREATION | ||
| 942 | _n0 | ||
| 948 | _c04/03/1997 | ||
| 999 |
_c1103 _d1103 |
||